The art of war in world history : (Record no. 589172)
[ view plain ]
| 000 -LEADER | |
|---|---|
| fixed length control field | 01077 a2200277 4500 |
| 003 - CONTROL NUMBER IDENTIFIER | |
| control field | Nust |
| 005 - DATE AND TIME OF LATEST TRANSACTION | |
| control field | 20220415103023.0 |
| 010 ## - LIBRARY OF CONGRESS CONTROL NUMBER | |
| LC control number | 92020153 |
| 020 ## - INTERNATIONAL STANDARD BOOK NUMBER | |
| International Standard Book Number | 0520079639 (alk. paper) |
| 020 ## - INTERNATIONAL STANDARD BOOK NUMBER | |
| International Standard Book Number | 0520079647 (pbk. : alk. paper) |
| 038 ## - RECORD CONTENT LICENSOR | |
| Staff Name | Muhammad Ibrahim |
| 040 ## - CATALOGING SOURCE | |
| Transcribing agency | Nust |
| 082 00 - DEWEY DECIMAL CLASSIFICATION NUMBER | |
| Classification number | 355.02 |
| Author Mark | CHA 1994 |
| 245 14 - TITLE STATEMENT | |
| Title | The art of war in world history : |
| Remainder of title | from antiquity to the nuclear age |
| Statement of responsibility, etc. | [compiled by] Geard Chaliand. |
| 260 ## - PUBLICATION, DISTRIBUTION, ETC. | |
| Place of publication, distribution, etc. | Berkeley : |
| Name of publisher, distributor, etc. | University of California Press, |
| Date of publication, distribution, etc. | [c1994] |
| 300 ## - PHYSICAL DESCRIPTION | |
| Extent | xxix, 1072 p. : |
| Other physical details | maps ; |
| Dimensions | 24 cm. |
| 505 ## - FORMATTED CONTENTS NOTE | |
| Formatted contents note | Limited Wars in The West (page-501) The Age of Total Wars (Page-629) The Nuclear Era (Page-991) |
| 538 ## - SYSTEM DETAILS NOTE | |
| System details note | Almirah No.52, Shelf No.3 |
| 563 ## - BINDING INFORMATION | |
| Binding note | H.B |
| 650 #0 - SUBJECT ADDED ENTRY--TOPICAL TERM | |
| Topical term or geographic name entry element | Military art and science |
| General subdivision | History. |
| 650 #0 - SUBJECT ADDED ENTRY--TOPICAL TERM | |
| Topical term or geographic name entry element | Military history. |
| 700 1# - ADDED ENTRY--PERSONAL NAME | |
| Personal name | Chaliand, G⥲ard, |
| Dates associated with a name | 1934- |
| 9 (RLIN) | 90972 |
| 856 42 - ELECTRONIC LOCATION AND ACCESS | |
| Materials specified | Contributor biographical information |
| Uniform Resource Identifier | <a href="http://www.loc.gov/catdir/bios/ucal051/92020153.html">http://www.loc.gov/catdir/bios/ucal051/92020153.html</a> |
| 856 42 - ELECTRONIC LOCATION AND ACCESS | |
| Materials specified | Publisher description |
| Uniform Resource Identifier | <a href="http://www.loc.gov/catdir/description/ucal041/92020153.html">http://www.loc.gov/catdir/description/ucal041/92020153.html</a> |
| 942 ## - ADDED ENTRY ELEMENTS (KOHA) | |
| Source of classification or shelving scheme | |
| Koha item type | Book |
| Withdrawn status | Lost status | Source of classification or shelving scheme | Damaged status | Not for loan | Permanent Location | Current Location | Shelving location | Date acquired | Total Checkouts | Full call number | Barcode | Date last seen | Price effective from | Koha item type |
|---|---|---|---|---|---|---|---|---|---|---|---|---|---|---|
| Centre for International Peace & Stability (CIPS) | Centre for International Peace & Stability (CIPS) | General Stacks | 04/14/2022 | 355.02 CHA 1994 | CIPSD0000683 | 04/15/2022 | 04/15/2022 | Book | ||||||
| Centre for International Peace & Stability (CIPS) | Centre for International Peace & Stability (CIPS) | General Stacks | 04/14/2022 | 355.02 CHA 1994 | CIPSD0000684 | 04/15/2022 | 04/15/2022 | Book | ||||||
| Centre for International Peace & Stability (CIPS) | Centre for International Peace & Stability (CIPS) | General Stacks | 03/21/2023 | 355.02 CHA 1994 | CIPSD0000768 | 10/05/2023 | 10/05/2023 | Book | ||||||
| Centre for International Peace & Stability (CIPS) | Centre for International Peace & Stability (CIPS) | General Stacks | 03/21/2023 | 355.02 CHA 1994 | CIPSD0000769 | 10/05/2023 | 10/05/2023 | Book |
